Ľudí v meste týra smrad Levoča : majiteľ sa bráni, že nič necíti, občania podali petíciu

Bibliographic Details
Main Author: Dudová-Bašistová, Mária (Author)
Format: Article
Language:Slovak
PhysicalDescription:Fotografie
ISSN:1339-9535
Subjects:

MARC

LEADER 00000nab a2200000 4500
001 vtls011978089
003 SK-MaSNL
005 20260303095553.0
008 200701|2019 xo |||||||| ||00 |slo
040 |a SNSK  |b slo  |e rda 
041 0 |a slo 
043 |a e-xo--- 
044 |a xo  |c SK 
072 7 |a 631  |x Poľnohospodárstvo. Pedológia. Agrotechnika. Agroekológia  |2 konspekt 
072 7 |a 613.7  |x Zdravie a hygiena voľného času, rekreácie a spánku  |2 konspekt 
080 |a 631.8  |2 2011 
080 |a 613.157  |2 2011 
080 |a 323.234  |2 2011 
100 1 |a Dudová-Bašistová, Mária  |4 aut  |9 1109248 
245 1 0 |a Ľudí v meste týra smrad  |b Levoča : majiteľ sa bráni, že nič necíti, občania podali petíciu  |c Mária Dudová-Bašistová ; foto (MDB) 
300 |b Fotografie 
336 |a text  |b txt  |2 rdacontent 
337 |a bez média  |b n  |2 rdamedia 
338 |a zväzok  |b nc  |2 rdacarrier 
610 2 7 |a Tatra Agrolev (Levoča, Slovensko)  |2 SNK  |9 1109231 
650 0 7 |a hnojenie  |2 SNKPH  |9 14850 
650 0 7 |a zápach  |2 SNKPH  |9 132672 
650 0 7 |a petície  |2 SNKPH  |9 13945 
651 7 |a Levoča (Slovensko)  |2 SNKPHgeo  |9 26696 
655 7 |a správy  |2 SNKPH  |9 70563 
773 0 |t MY : noviny východu  |g Roč. 1., č. 33 (20.8.-26.8.2019), s. 1,3  |x 1339-9535 
958 |a RG 
999 |c 1825639  |d 1827569